|
|
|
|
| LEADER |
01260nam a22002897a 4500 |
| 001 |
33020 |
| 003 |
BD-DhAAL |
| 005 |
20180419165702.0 |
| 008 |
180419t2018 bg a b 000 0dben d |
| 999 |
|
|
|c 39287
|d 39287
|
| 020 |
|
|
|a 9789848094181
|
| 040 |
|
|
|a BD-DhAAL
|
| 041 |
|
|
|a BEN
|
| 043 |
|
|
|a a-bg---
|
| 082 |
|
|
|a 320.95492
|2 21
|
| 100 |
|
|
|a রহমান, মনিবুর
|9 25667
|
| 245 |
|
|
|a বাংলাদেশের প্রধানমন্ত্রী :
|n ১৯৭১-২০১৮ /
|c মনিবুর রহমান
|
| 260 |
|
|
|a ঢাকা :
|b একাত্তর প্রকাশনী,
|c ২০১৮
|
| 300 |
|
|
|a ২৩০ পৃষ্ঠা :
|b চিত্র ;
|c ২২ সে. মি.
|
| 504 |
|
|
|a বিবলিওগ্রাফী অন্তর্ভুক্ত
|
| 526 |
|
|
|a AAL
|
| 541 |
|
|
|a Development Book Agency
|e 33020
|
| 650 |
|
0 |
|a Prime ministers
|z Bangladesh
|x Biography
|9 25668
|
| 651 |
|
0 |
|a Bangladesh
|x Politics and government
|y 1971-
|9 25669
|
| 852 |
|
|
|a Ayesha Abed Library
|c General Stacks
|
| 942 |
|
|
|2 ddc
|c BK
|
| 952 |
|
|
|0 0
|1 0
|2 ddc
|4 0
|6 320_954920000000000_RAH
|7 0
|9 63220
|a BRACUL
|b BRACUL
|c GEN
|d 2018-04-18
|e Development Book Agency
|g 382.50
|l 0
|o 320.95492 RAH
|p 3010033020
|r 2018-05-07
|t 1
|v 450.00
|w 2018-04-18
|y BK
|